00487nam a2200193 a 4500001001300000003000900013005001700022008004100039020001000080082002200090100001700112245002600129260004500155300000900200500003500209505001000244650002200254700001700276nice12345678IN_TiNIC20260116011443.0050524s1909 leia grp 000 0 eng  ac10000a909.0974927bHEL1 aHell, Joseph aDie Kultur Der Araber aLeipzigbVerlog Von Quelle & Meverc1909 a143p aincludes index and biblioraphy2 aIndex aCivilization-Arab1 aHell, Joseph